Normal view
MARC view
Entry Topical Term
001 - CONTROL NUMBER
- control field: 4857
003 - CONTROL NUMBER IDENTIFIER
- control field: ARRUPE
005 - DATE AND TIME OF LATEST TRANSACTION
- control field: 20131203172200.0
008 - FIXED-LENGTH DATA ELEMENTS
- fixed length control field: 131203|| aca||aabn | a|a d
040 ## - CATALOGING SOURCE
- Original cataloging agency: ARRUPE
- Transcribing agency: ARRUPE
150 ## - HEADING--TOPICAL TERM
- Topical term or geographic name as entry element: Form (Philosophy)
670 ## - SOURCE DATA FOUND
- Source citation: Work cat.: (ARRUPE)0: Dewan, Lawrence, 1932- 4853, St. Thomas and form as something divine in things /, c2007.